| 000 | 00859nam a2200253Ia 4500 | ||
|---|---|---|---|
| 999 |
_c52867 _d52867 |
||
| 001 | 19897 | ||
| 003 | GE_BSU | ||
| 005 | 20200506190920.0 | ||
| 008 | 181216s2011||||pl |||||||||||||| ||eng|| | ||
| 020 | _a97862520961 | ||
| 040 | _cGE_BSU | ||
| 080 | _a321.7 T-80 | ||
| 245 |
_aTowards a united Europe : _ban anthology of twentieth century Polish thought on Europe / _cedited by Sławomir Łukasiewicz ; translated by Robert Looby. |
||
| 250 | _aFirst edition | ||
| 260 |
_aWarszawa : _c2011. |
||
| 300 |
_a279 p. ; _c24 cm. |
||
| 490 | _aEuropean unity library series | ||
| 653 | _aTowards a united Europe | ||
| 653 | _aan anthology of twentieth century Polish thought on Europe | ||
| 653 | _aპოლიტიკა | ||
| 700 |
_a Łukasiewicz, Sławomir _eedited by _97988 |
||
| 700 |
_aLooby, Robert _e translated by _97989 |
||
| 942 |
_cBK _2udc |
||